Normal view
MARC view
- Cedergren, Harry R
Entry Personal Name
001 - CONTROL NUMBER
- control field: 42435
003 - CONTROL NUMBER IDENTIFIER
- control field: NUST
005 - DATE AND TIME OF LATEST TRANSACTION
- control field: 20210314132317.0
008 - FIXED-LENGTH DATA ELEMENTS
- fixed length control field: 210314|| aca||aabn | a|a d
040 ## - CATALOGING SOURCE
- Original cataloging agency: NUST
- Transcribing agency: NUST
100 ## - HEADING--PERSONAL NAME
- Personal name: Cedergren, Harry R
670 ## - SOURCE DATA FOUND
- Source citation: Work cat.: (NUST): Cedergren, Harry R., Soil engineering and asphalt pavement design /, 1968.
